000 00411nam a2200109Ia 4500
008 160712s9999 xx 000 0 und d
245 _aBatas, Katarungan, at Kalikasan: Isang Kritikal na Pagmuni sa Ekolohiya at Lipunan
260 _c2011
_bSocial Science Diliman
300 _avol. 7 no. 1
650 _xSOCIAL SCIENCE
856 _uhttp://journals.upd.edu.ph/index.php/socialsciencediliman/issue/view/254/showToc
999 _c297662
_d297662